Dioses, héroes y heroínas : historias de la mitología griega /
En este libro se compilan algunos de los más apasionantes mitos griegos, incluyendo tres secciones temáticas: historias de dioses, historias de héroes y heroínas e historias de amor. Estos mitos, que hoy forman parte del patrimonio cultural de la Humanidad, subsisten por su originalidad y por su bel...
Guardado en:
| Autor Principal: | |
|---|---|
| Otros Autores: | , |
| Formato: | Libro |
| Idioma: | Undetermined |
| Publicado: |
Buenos Aires :
Santillana,
2001.
|
| Series: | Leer es genial. Ayer y siempre
|
| Materias: | |
| Etiquetas: |
Agregar Etiqueta
Sin Etiquetas, Sea el primero en etiquetar este registro!
|
| LEADER | 01964nam a22002535a 4500 | ||
|---|---|---|---|
| 001 | CEM.cems019991 | ||
| 008 | 230419s2001####ag############000#0#und#d | ||
| 005 | 20230419133807.0 | ||
| 245 | 1 | 0 | |a Dioses, héroes y heroínas : |b historias de la mitología griega / |c adaptado por Beatriz Fernández y Alicia Stacco; ilustrado por Nancy Fiorini. |
| 260 | |a Buenos Aires : |b Santillana, |c 2001. | ||
| 300 | |a 89 p. | ||
| 490 | 1 | |a Leer es genial. Ayer y siempre | |
| 505 | 0 | |a A las puertas del Olimpo -- Para los griegos las cosas empezaron así -- Y llegaron los seres humanos -- El olimpo -- El nacimiento de Zeus -- Una esposa guardiana -- Atenea, la diosa guerrera -- Apolo, un dios deslumbrante -- Una dios contradictoria -- La bella e inevitable enamorada -- El guerrero rechazado -- Hefesto, un dios abrasador -- Hermes, con alas y sin escrúpulos -- Héroes y heroínas -- Un fortachón respetable -- En cadena, encadenado -- Atalanta -- Teseo, un campeón entre los hombres -- Perseo, un héroe mágico -- Helena, linda como una diosa -- Dos hermanos, un heroico corazón -- De amores divinos y humanos -- Eros y Psique -- El amor a sí mismo -- hechicera de amor -- Orfeo y Eurídice -- Píramo y Tisbe | |
| 520 | |a En este libro se compilan algunos de los más apasionantes mitos griegos, incluyendo tres secciones temáticas: historias de dioses, historias de héroes y heroínas e historias de amor. Estos mitos, que hoy forman parte del patrimonio cultural de la Humanidad, subsisten por su originalidad y por su belleza, y han sido la fuente de inspiración de gran parte de la literatura fantástica occidental | ||
| 020 | |a 950461034x | ||
| 100 | 1 | |a Fernández, Beatriz; adap. | |
| 700 | 1 | |a Stacco, Alicia; adap. | |
| 700 | 1 | |a Fiorini, Nancy; il. | |
| 653 | |a Literatura | ||
| 653 | |a Literatura Griega | ||
| 653 | |a Literatura Infantil | ||
| 653 | |a Mitología Griega | ||
| 653 | |a Mitos | ||
| 859 | |a CEMS |b BIB. CEMS - Inicial y Primaria |h 888 |i F391 |k IP |p 2269 |t Ej.1 | ||
